[Event "Girls U14 Polish Youth Championship"]
[Site "chess24.com"]
[Date "2018.05.01"]
[Round "4"]
[White "Wawrzyniak, Weronika"]
[Black "Dylag, Emilia"]
[Result "0-1"]
[Board "5"]
[WhiteElo "1377"]
[WhiteCountry "POL"]
[WhiteFideId "21817596"]
[WhiteEloChange "-2"]
[BlackElo "1871"]
[BlackCountry "POL"]
[BlackFideId "21805172"]
[BlackEloChange "2"]

1. e4 {[%clk 1:30:50]} c5 {[%clk 1:30:35]} 2. Nf3 {[%clk 1:30:43]} d6 {[%clk
1:30:41]} 3. d4 {[%clk 1:29:20]} cxd4 {[%clk 1:31:00]} 4. Nxd4 {[%clk 1:29:44]}
Nf6 {[%clk 1:31:16]} 5. Nc3 {[%clk 1:29:57]} a6 {[%clk 1:31:15]} 6. Bg5 {[%clk
1:29:00]} e6 {[%clk 1:31:18]} 7. f4 {[%clk 1:26:49]} h6 {[%clk 1:31:20]} 8. Bh4
{[%clk 1:26:09]} Be7 {[%clk 1:31:01]} 9. Qf3 {[%clk 1:22:30]} Qc7 {[%clk
1:29:53]} 10. O-O-O {[%clk 1:18:02]} Nbd7 {[%clk 1:21:22]} 11. g4 {[%clk
1:12:37]} g5 {[%clk 1:01:49]} 12. fxg5 {[%clk 1:04:09]} Ne5 {[%clk 0:57:59]} 13.
Qe2 {[%clk 0:58:04]} hxg5 {[%clk 0:53:56]} 14. Bxg5 {[%clk 0:57:59]} Nfxg4 {[%clk
0:53:13]} 15. Bxe7 {[%clk 0:57:51]} Qxe7 {[%clk 0:53:01]} 16. Kb1 {[%clk
0:54:23]} b5 {[%clk 0:47:35]} 17. h3 {[%clk 0:50:59]} Bb7 {[%clk 0:40:40]} 18.
Rg1 {[%clk 0:50:59]} Nf6 {[%clk 0:40:38]} 19. Bg2 {[%clk 0:49:45]} Rc8 {[%clk
0:39:18]} 20. Rdf1 {[%clk 0:44:42]} Nfd7 {[%clk 0:30:23]} 21. Nf3 {[%clk
0:39:25]} Nc4 {[%clk 0:28:58]} 22. h4 {[%clk 0:35:52]} Na3+ {[%clk 0:25:35]} 23.
bxa3 {[%clk 0:32:18]} Rxc3 {[%clk 0:25:55]} 24. Kb2 {[%clk 0:32:27]} Rc8 {[%clk
0:23:34]} 25. e5 {[%clk 0:29:40]} Bxf3 {[%clk 0:20:24]} 26. Bxf3 {[%clk 0:25:22]}
Nxe5 {[%clk 0:18:55]} 27. Be4 {[%clk 0:23:58]} Nc4+ {[%clk 0:17:39]} 28. Ka1
{[%clk 0:23:55]} d5 {[%clk 0:17:07]} 29. Bd3 {[%clk 0:23:55]} Qxa3 {[%clk
0:17:00]} 30. Bxc4 {[%clk 0:23:59]} Qc3+ {[%clk 0:16:57]} 31. Kb1 {[%clk
0:24:16]} Rxc4 {[%clk 0:16:40]} 32. Rg4 {[%clk 0:23:03]} Qb4+ {[%clk 0:16:58]}
33. Kc1 {[%clk 0:23:14]} Rxg4 {[%clk 0:17:21]} 34. Qf3 {[%clk 0:23:10]} Rg7
{[%clk 0:17:25]} 35. h5 {[%clk 0:23:23]} Qd4 {[%clk 0:15:15]} 36. c3 {[%clk
0:22:41]} Qe5 {[%clk 0:15:27]} 37. a4 {[%clk 0:22:13]} Qxh5 {[%clk 0:15:20]} 38.
Qf2 {[%clk 0:21:40]} Qg5+ {[%clk 0:15:38]} 39. Kd1 {[%clk 0:21:53]} Qg4+ {[%clk
0:15:37]} 40. Kc1 {[%clk 0:22:10]} Qxa4 {[%clk 0:14:57]} 41. Kb2 {[%clk 0:22:29]}
Rhg8 {[%clk 0:14:56]} 42. Qc5 {[%clk 0:22:21]} Rg2+ {[%clk 0:15:17]} 43. Rf2
{[%clk 0:22:35]} Rxf2+ {[%clk 0:15:42]} 44. Qxf2 {[%clk 0:22:58]} b4 {[%clk
0:15:23]} 45. cxb4 {[%clk 0:23:15]} Qxb4+ {[%clk 0:15:49]} 46. Kc2 {[%clk
0:23:36]} Rg4 {[%clk 0:16:08]} 47. Qa7 {[%clk 0:23:54]} Rg2+ {[%clk 0:16:27]} 48.
Kd3 {[%clk 0:24:06]} Qd2# {[%clk 0:16:52]} 0-1

[Event "Girls U14 Polish Youth Championship"]
[Site "chess24.com"]
[Date "2018.05.01"]
[Round "4"]
[White "Czarnecka, Lidia"]
[Black "Wojtas, Julia"]
[Result "1-0"]
[Board "6"]
[WhiteElo "1809"]
[WhiteCountry "POL"]
[WhiteFideId "21807531"]
[WhiteEloChange "2"]
[BlackElo "1436"]
[BlackCountry "POL"]
[BlackFideId "21825394"]
[BlackEloChange "-2"]

1. e4 {[%clk 1:30:57]} c5 {[%clk 1:30:55]} 2. Nf3 {[%clk 1:31:15]} d6 {[%clk
1:31:18]} 3. d4 {[%clk 1:30:47]} cxd4 {[%clk 1:31:39]} 4. Nxd4 {[%clk 1:29:51]}
Nf6 {[%clk 1:31:55]} 5. Nc3 {[%clk 1:29:37]} a6 {[%clk 1:31:59]} 6. Bg5 {[%clk
1:29:15]} Nbd7 {[%clk 1:31:51]} 7. f4 {[%clk 1:27:38]} Qc7 {[%clk 1:30:58]} 8.
Qf3 {[%clk 1:25:58]} h6 {[%clk 1:29:15]} 9. Bh4 {[%clk 1:16:38]} g5 {[%clk
1:27:01]} 10. fxg5 {[%clk 1:11:16]} hxg5 {[%clk 1:24:54]} 11. Bg3 {[%clk
1:09:25]} g4 {[%clk 1:16:08]} 12. Qf2 {[%clk 1:08:23]} Nc5 {[%clk 1:10:41]} 13.
Bd3 {[%clk 1:03:34]} Bd7 {[%clk 1:05:04]} 14. Rf1 {[%clk 0:55:39]} O-O-O {[%clk
0:48:52]} 15. O-O-O {[%clk 0:52:12]} Bh6+ {[%clk 0:40:39]} 16. Kb1 {[%clk
0:51:06]} Bg5 {[%clk 0:39:00]} 17. Rfe1 {[%clk 0:48:17]} Nh5 {[%clk 0:35:00]} 18.
Nd5 {[%clk 0:43:26]} Qa5 {[%clk 0:32:39]} 19. b4 {[%clk 0:32:28]} Qa3 {[%clk
0:26:29]} 20. bxc5 {[%clk 0:32:33]} Qxc5 {[%clk 0:25:56]} 21. Nb3 {[%clk
0:30:46]} Qa3 {[%clk 0:25:35]} 22. Qb6 {[%clk 0:30:39]} 1-0

[Event "Girls U14 Polish Youth Championship"]
[Site "chess24.com"]
[Date "2018.05.01"]
[Round "4"]
[White "Libura, Julianna"]
[Black "Marcinczyk, Monika"]
[Result "1/2-1/2"]
[Board "7"]
[WhiteElo "1466"]
[WhiteCountry "POL"]
[WhiteFideId "21820708"]
[WhiteEloChange "7"]
[BlackElo "1804"]
[BlackTitle "WCM"]
[BlackCountry "POL"]
[BlackFideId "1192051"]
[BlackEloChange "-7"]

1. e4 {[%clk 1:30:58]} c5 {[%clk 1:30:54]} 2. Nf3 {[%clk 1:31:16]} Nc6 {[%clk
1:31:13]} 3. d4 {[%clk 1:31:29]} cxd4 {[%clk 1:31:36]} 4. Nxd4 {[%clk 1:31:52]}
g6 {[%clk 1:31:36]} 5. Nc3 {[%clk 1:31:38]} Bg7 {[%clk 1:31:59]} 6. Be3 {[%clk
1:31:57]} Nf6 {[%clk 1:32:05]} 7. Bc4 {[%clk 1:30:51]} Qa5 {[%clk 1:31:05]} 8.
O-O {[%clk 1:30:11]} d6 {[%clk 1:30:30]} 9. f3 {[%clk 1:28:21]} O-O {[%clk
1:28:53]} 10. Bb3 {[%clk 1:20:35]} Bd7 {[%clk 1:25:23]} 11. Kh1 {[%clk 1:18:26]}
Rac8 {[%clk 1:21:46]} 12. Qd2 {[%clk 1:16:15]} Rfe8 {[%clk 1:17:00]} 13. Rad1
{[%clk 1:13:26]} a6 {[%clk 1:13:48]} 14. Qf2 {[%clk 1:05:41]} Qc7 {[%clk
1:10:41]} 15. Nde2 {[%clk 0:58:49]} Ne5 {[%clk 1:05:08]} 16. Bb6 {[%clk 0:56:41]}
Qb8 {[%clk 1:04:54]} 17. Ba7 {[%clk 0:52:12]} Qa8 {[%clk 1:00:34]} 18. Bd4 {[%clk
0:40:05]} Nc4 {[%clk 0:54:07]} 19. Nb1 {[%clk 0:32:00]} b5 {[%clk 0:48:35]} 20.
Bxc4 {[%clk 0:31:46]} Rxc4 {[%clk 0:45:53]} 21. c3 {[%clk 0:31:36]} a5 {[%clk
0:43:51]} 22. b3 {[%clk 0:27:04]} Rc6 {[%clk 0:38:07]} 23. Na3 {[%clk 0:25:39]}
Qb8 {[%clk 0:35:30]} 24. c4 {[%clk 0:23:51]} Ra6 {[%clk 0:28:42]} 25. cxb5 {[%clk
0:23:15]} Bxb5 {[%clk 0:28:48]} 26. Nxb5 {[%clk 0:23:34]} Qxb5 {[%clk 0:29:11]}
27. Rc1 {[%clk 0:23:16]} Qb7 {[%clk 0:28:02]} 28. Nc3 {[%clk 0:20:35]} e6 {[%clk
0:23:53]} 29. Na4 {[%clk 0:18:53]} Rc6 {[%clk 0:23:37]} 30. Bb6 {[%clk 0:17:26]}
Ra8 {[%clk 0:22:10]} 31. Rxc6 {[%clk 0:16:03]} Qxc6 {[%clk 0:22:39]} 32. Qd2
{[%clk 0:15:18]} Qb5 {[%clk 0:22:07]} 33. Rc1 {[%clk 0:15:15]} d5 {[%clk
0:21:19]} 34. exd5 {[%clk 0:15:01]} Nxd5 {[%clk 0:20:46]} 35. Bf2 {[%clk
0:13:17]} Bf8 {[%clk 0:15:29]} 36. Bd4 {[%clk 0:12:47]} Nb4 {[%clk 0:10:27]} 37.
Bf6 {[%clk 0:11:38]} Qf5 {[%clk 0:08:16]} 38. Qd4 {[%clk 0:09:42]} Nxa2 {[%clk
0:04:03]} 39. Ra1 {[%clk 0:08:29]} Nb4 {[%clk 0:03:37]} 40. Rc1 {[%clk 0:08:19]}
e5 {[%clk 0:03:08]} 41. Qh4 {[%clk 0:06:44]} Rc8 {[%clk 0:03:15]} 42. Rxc8 {[%clk
0:05:27]} Qxc8 {[%clk 0:03:44]} 43. h3 {[%clk 0:05:45]} Qe6 {[%clk 0:03:14]} 44.
Nc3 {[%clk 0:04:37]} Nd5 {[%clk 0:01:02]} 45. Nxd5 {[%clk 0:04:39]} Qxd5 {[%clk
0:01:31]} 46. Qa4 {[%clk 0:04:44]} Qd1+ {[%clk 0:00:44]} 47. Kh2 {[%clk 0:05:03]}
Qd5 {[%clk 0:00:47]} 48. Qe8 {[%clk 0:04:47]} Qe6 {[%clk 0:00:51]} 49. Qxe6
{[%clk 0:05:08]} fxe6 {[%clk 0:01:19]} 50. Bxe5 {[%clk 0:05:29]} Kf7 {[%clk
0:01:13]} 51. Kg3 {[%clk 0:05:46]} Bb4 {[%clk 0:01:11]} 1/2-1/2

[Event "Girls U14 Polish Youth Championship"]
[Site "chess24.com"]
[Date "2018.05.01"]
[Round "4"]
[White "Mrozek, Zofia"]
[Black "Kroliczek, Gabriela"]
[Result "1/2-1/2"]
[Board "8"]
[WhiteElo "1234"]
[WhiteCountry "POL"]
[WhiteFideId "21855986"]
[WhiteEloChange "8"]
[BlackElo "1729"]
[BlackCountry "POL"]
[BlackFideId "21816727"]
[BlackEloChange "-8"]

1. e4 {[%clk 1:30:58]} d5 {[%clk 1:30:52]} 2. exd5 {[%clk 1:31:10]} Nf6 {[%clk
1:31:17]} 3. Nc3 {[%clk 1:31:10]} Nxd5 {[%clk 1:31:42]} 4. Bc4 {[%clk 1:31:41]}
Nb6 {[%clk 1:32:09]} 5. Bb3 {[%clk 1:31:50]} Nc6 {[%clk 1:32:35]} 6. Qf3 {[%clk
1:31:46]} e6 {[%clk 1:33:00]} 7. Nge2 {[%clk 1:31:01]} Bd6 {[%clk 1:33:15]} 8.
O-O {[%clk 1:29:36]} a5 {[%clk 1:32:35]} 9. a4 {[%clk 1:27:09]} O-O {[%clk
1:32:28]} 10. d3 {[%clk 1:26:47]} Nd7 {[%clk 1:26:07]} 11. Be3 {[%clk 1:25:52]}
Nce5 {[%clk 1:25:42]} 12. Qh3 {[%clk 1:23:39]} Nf6 {[%clk 1:18:46]} 13. d4 {[%clk
1:22:43]} Ng6 {[%clk 1:17:13]} 14. Rad1 {[%clk 1:21:07]} c6 {[%clk 1:14:47]} 15.
Qf3 {[%clk 1:18:16]} Qc7 {[%clk 1:12:48]} 16. Ng3 {[%clk 1:15:42]} e5 {[%clk
1:10:55]} 17. Nce4 {[%clk 1:11:52]} Be7 {[%clk 1:05:21]} 18. Nxf6+ {[%clk
1:07:49]} Bxf6 {[%clk 1:05:44]} 19. Ne4 {[%clk 1:08:00]} Bd8 {[%clk 1:03:07]} 20.
Bg5 {[%clk 1:00:51]} Bd7 {[%clk 0:53:34]} 21. Bxd8 {[%clk 1:00:50]} Raxd8 {[%clk
0:53:52]} 22. Ng5 {[%clk 0:59:45]} Be8 {[%clk 0:53:11]} 23. Qh5 {[%clk 0:59:39]}
h6 {[%clk 0:52:51]} 24. Qxg6 {[%clk 0:55:41]} hxg5 {[%clk 0:52:49]} 25. Rd3
{[%clk 0:52:36]} Rxd4 {[%clk 0:50:01]} 26. Rxd4 {[%clk 0:50:03]} exd4 {[%clk
0:50:25]} 27. Qxg5 {[%clk 0:50:24]} c5 {[%clk 0:48:15]} 28. Qd5 {[%clk 0:49:14]}
Qe7 {[%clk 0:44:31]} 29. Qc4 {[%clk 0:48:51]} Bc6 {[%clk 0:44:28]} 30. c3 {[%clk
0:48:51]} Qe4 {[%clk 0:44:36]} 31. f3 {[%clk 0:47:57]} Qe3+ {[%clk 0:44:53]} 32.
Kh1 {[%clk 0:48:14]} d3 {[%clk 0:43:17]} 33. Rd1 {[%clk 0:46:40]} d2 {[%clk
0:40:54]} 34. h3 {[%clk 0:46:45]} Bxf3 {[%clk 0:37:52]} 35. gxf3 {[%clk 0:43:54]}
Qxf3+ {[%clk 0:38:03]} 36. Kh2 {[%clk 0:43:59]} Qf2+ {[%clk 0:38:08]} 37. Kh1
{[%clk 0:44:25]} Re8 {[%clk 0:37:29]} 38. Qxf7+ {[%clk 0:44:14]} Qxf7 {[%clk
0:37:48]} 39. Bxf7+ {[%clk 0:44:40]} Kxf7 {[%clk 0:38:15]} 40. Rxd2 {[%clk
0:45:07]} Re4 {[%clk 0:38:06]} 41. Rd7+ {[%clk 0:44:49]} Re7 {[%clk 0:38:32]} 42.
Rd2 {[%clk 0:45:13]} b6 {[%clk 0:37:26]} 43. Kg2 {[%clk 0:44:52]} Re4 {[%clk
0:36:58]} 44. b3 {[%clk 0:43:50]} Ke6 {[%clk 0:24:28]} 45. Kf3 {[%clk 0:39:39]}
Ke5 {[%clk 0:22:17]} 46. c4 {[%clk 0:37:09]} Rd4 {[%clk 0:20:21]} 47. Re2+ {[%clk
0:37:30]} Kf5 {[%clk 0:20:46]} 48. Re3 {[%clk 0:34:53]} g5 {[%clk 0:17:51]} 49.
Kg3 {[%clk 0:34:18]} Rd2 {[%clk 0:06:29]} 50. Kf3 {[%clk 0:32:38]} Rd1 {[%clk
0:06:23]} 51. Kg3 {[%clk 0:29:50]} Rd4 {[%clk 0:06:42]} 52. Kf3 {[%clk 0:29:51]}
g4+ {[%clk 0:05:31]} 53. hxg4+ {[%clk 0:29:47]} Rxg4 {[%clk 0:05:57]} 54. Rd3
{[%clk 0:28:25]} Rf4+ {[%clk 0:04:08]} 55. Ke3 {[%clk 0:28:08]} Re4+ {[%clk
0:01:51]} 56. Kf3 {[%clk 0:28:31]} Rf4+ {[%clk 0:02:00]} 57. Ke3 {[%clk 0:28:55]}
Rh4 {[%clk 0:01:31]} 58. Rd5+ {[%clk 0:28:28]} Ke6 {[%clk 0:01:57]} 59. Rd3
{[%clk 0:28:24]} Rg4 {[%clk 0:01:14]} 60. Kf3 {[%clk 0:26:50]} Rh4 {[%clk
0:01:25]} 61. Ke3 {[%clk 0:26:52]} Rh3+ {[%clk 0:01:04]} 62. Ke4 {[%clk 0:27:04]}
Rh4+ {[%clk 0:01:25]} 63. Ke3 {[%clk 0:27:31]} Rh3+ {[%clk 0:01:09]} 64. Ke4
{[%clk 0:27:57]} Rxd3 {[%clk 0:01:34]} 65. Kxd3 {[%clk 0:28:23]} Kf5 {[%clk
0:02:03]} 66. Ke3 {[%clk 0:28:07]} Ke5 {[%clk 0:02:28]} 67. Kd3 {[%clk 0:28:27]}
Kf5 {[%clk 0:01:04]} 68. Ke3 {[%clk 0:28:20]} Ke5 {[%clk 0:01:15]} 69. Kd3 {[%clk
0:28:20]} Kf4 {[%clk 0:01:40]} 70. Kd2 {[%clk 0:27:47]} Kf3 {[%clk 0:00:40]} 71.
Kd3 {[%clk 0:28:10]} Kf4 {[%clk 0:01:07]} 72. Kd2 {[%clk 0:28:37]} Ke4 {[%clk
0:00:51]} 73. Ke2 {[%clk 0:28:58]} Kd4 {[%clk 0:01:15]} 74. Kd2 {[%clk 0:29:22]}
Ke4 {[%clk 0:00:56]} 75. Ke2 {[%clk 0:29:47]} Kd4 {[%clk 0:00:56]} 1/2-1/2

[Event "Girls U14 Polish Youth Championship"]
[Site "chess24.com"]
[Date "2018.05.01"]
[Round "4"]
[White "Slusarczyk, Milena"]
[Black "Hertlein, Irena"]
[Result "0-1"]
[Board "9"]
[WhiteElo "1449"]
[WhiteCountry "POL"]
[WhiteFideId "21820198"]
[WhiteEloChange "-6"]
[BlackElo "1582"]
[BlackCountry "POL"]
[BlackFideId "21817618"]
[BlackEloChange "6"]

1. e4 {[%clk 1:30:58]} c5 {[%clk 1:30:50]} 2. Nf3 {[%clk 1:31:16]} e6 {[%clk
1:31:01]} 3. Nc3 {[%clk 1:30:42]} a6 {[%clk 1:30:26]} 4. d4 {[%clk 1:30:48]} cxd4
{[%clk 1:30:37]} 5. Nxd4 {[%clk 1:30:55]} Qc7 {[%clk 1:30:07]} 6. Bd3 {[%clk
1:27:17]} Bd6 {[%clk 1:26:36]} 7. Qe2 {[%clk 1:12:17]} Nc6 {[%clk 1:23:23]} 8.
Nb3 {[%clk 1:06:08]} Nf6 {[%clk 1:17:55]} 9. h3 {[%clk 1:00:34]} h5 {[%clk
1:12:56]} 10. Bd2 {[%clk 0:54:49]} b5 {[%clk 1:04:58]} 11. O-O-O {[%clk 0:45:15]}
Ne5 {[%clk 0:42:29]} 12. Rhf1 {[%clk 0:42:32]} Nc4 {[%clk 0:42:11]} 13. f4 {[%clk
0:36:58]} Bb4 {[%clk 0:38:23]} 14. Nb1 {[%clk 0:31:19]} a5 {[%clk 0:27:12]} 15.
Nd4 {[%clk 0:22:09]} Ba6 {[%clk 0:26:26]} 16. a3 {[%clk 0:14:34]} Be7 {[%clk
0:14:59]} 17. g4 {[%clk 0:10:27]} h4 {[%clk 0:12:02]} 18. g5 {[%clk 0:08:43]} Nh5
{[%clk 0:12:02]} 19. Rf2 {[%clk 0:07:26]} Ng3 {[%clk 0:10:40]} 20. Qe1 {[%clk
0:06:58]} Bc5 {[%clk 0:07:41]} 21. Ne2 {[%clk 0:03:37]} Bxf2 {[%clk 0:05:02]} 22.
Qxf2 {[%clk 0:03:59]} Nxe2+ {[%clk 0:05:02]} 23. Qxe2 {[%clk 0:04:10]} b4 {[%clk
0:02:21]} 24. axb4 {[%clk 0:03:19]} axb4 {[%clk 0:02:46]} 25. b3 {[%clk 0:02:37]}
Nxd2 {[%clk 0:02:52]} 26. Qxd2 {[%clk 0:02:27]} Bxd3 {[%clk 0:02:57]} 27. Qxd3
{[%clk 0:02:48]} Qxf4+ {[%clk 0:03:07]} 28. Rd2 {[%clk 0:02:53]} O-O {[%clk
0:02:14]} 29. Qd4 {[%clk 0:02:01]} Qxg5 {[%clk 0:01:06]} 30. Qxb4 {[%clk
0:02:21]} Ra2 {[%clk 0:00:45]} 31. Qd4 {[%clk 0:01:54]} Rfa8 {[%clk 0:00:38]} 32.
Nc3 {[%clk 0:01:27]} Ra1+ {[%clk 0:00:44]} 33. Kb2 {[%clk 0:01:24]} R1a7 {[%clk
0:00:50]} 34. Kc1 {[%clk 0:01:39]} Qf4 {[%clk 0:00:38]} 35. Kb2 {[%clk 0:01:44]}
Qg3 {[%clk 0:00:41]} 36. Rd3 {[%clk 0:01:59]} Qe1 {[%clk 0:00:38]} 37. Rd1 {[%clk
0:02:23]} Qg3 {[%clk 0:00:47]} 38. Rg1 {[%clk 0:02:30]} e5 {[%clk 0:00:57]} 39.
Qxa7 {[%clk 0:01:42]} Rxa7 {[%clk 0:01:22]} 40. Rxg3 {[%clk 0:02:08]} hxg3 {[%clk
0:01:49]} 41. Ne2 {[%clk 0:02:16]} g2 {[%clk 0:02:14]} 42. b4 {[%clk 0:01:59]}
Ra4 {[%clk 0:01:55]} 43. c3 {[%clk 0:02:21]} Kf8 {[%clk 0:01:53]} 44. Ng1 {[%clk
0:01:30]} Ke7 {[%clk 0:01:43]} 45. b5 {[%clk 0:01:16]} Kd6 {[%clk 0:01:40]} 46.
Kb3 {[%clk 0:01:14]} Ra1 {[%clk 0:01:54]} 47. Nf3 {[%clk 0:01:28]} Rf1 {[%clk
0:01:25]} 48. b6 {[%clk 0:01:24]} Rxf3 {[%clk 0:01:36]} 49. b7 {[%clk 0:01:49]}
Kc7 {[%clk 0:02:02]} 50. h4 {[%clk 0:01:49]} g1Q {[%clk 0:02:23]} 0-1

[Event "Girls U14 Polish Youth Championship"]
[Site "chess24.com"]
[Date "2018.05.01"]
[Round "4"]
[White "Mytnik, Kinga"]
[Black "Szczypawka, Aleksandra"]
[Result "1-0"]
[Board "10"]
[WhiteElo "1334"]
[WhiteCountry "POL"]
[WhiteFideId "21819572"]
[WhiteEloChange "14"]
[BlackElo "1483"]
[BlackCountry "POL"]
[BlackFideId "21816794"]
[BlackEloChange "-14"]

1. e4 {[%clk 1:30:57]} e5 {[%clk 1:30:56]} 2. Nf3 {[%clk 1:31:15]} Nc6 {[%clk
1:31:22]} 3. Be2 {[%clk 1:31:20]} Nf6 {[%clk 1:31:21]} 4. d3 {[%clk 1:31:25]} Bc5
{[%clk 1:30:37]} 5. O-O {[%clk 1:31:18]} O-O {[%clk 1:30:51]} 6. c3 {[%clk
1:31:08]} Bb6 {[%clk 1:30:11]} 7. Nbd2 {[%clk 1:30:40]} Re8 {[%clk 1:30:10]} 8.
Nc4 {[%clk 1:28:28]} d5 {[%clk 1:27:15]} 9. Nxb6 {[%clk 1:27:19]} axb6 {[%clk
1:18:22]} 10. Qc2 {[%clk 1:25:19]} d4 {[%clk 1:16:13]} 11. Bd2 {[%clk 1:14:18]}
Bg4 {[%clk 1:07:15]} 12. c4 {[%clk 1:02:29]} Qd6 {[%clk 0:59:19]} 13. h3 {[%clk
0:58:42]} Bh5 {[%clk 0:58:37]} 14. a3 {[%clk 0:57:12]} Nb8 {[%clk 0:54:58]} 15.
Qd1 {[%clk 0:54:52]} Bg6 {[%clk 0:47:33]} 16. Nh2 {[%clk 0:51:52]} Nfd7 {[%clk
0:31:31]} 17. f4 {[%clk 0:33:02]} f6 {[%clk 0:25:25]} 18. f5 {[%clk 0:30:32]} Bf7
{[%clk 0:25:47]} 19. Rf3 {[%clk 0:30:39]} g5 {[%clk 0:20:30]} 20. Rg3 {[%clk
0:26:10]} Qf8 {[%clk 0:17:47]} 21. h4 {[%clk 0:25:39]} h6 {[%clk 0:17:53]} 22.
Qc1 {[%clk 0:24:17]} Qg7 {[%clk 0:17:17]} 23. hxg5 {[%clk 0:23:40]} Kf8 {[%clk
0:17:38]} 24. g6 {[%clk 0:23:26]} Ke7 {[%clk 0:16:11]} 25. Bxh6 {[%clk 0:22:26]}
Qg8 {[%clk 0:16:12]} 26. Qe1 {[%clk 0:21:14]} Bxc4 {[%clk 0:13:44]} 27. dxc4
{[%clk 0:21:33]} Nc5 {[%clk 0:13:57]} 28. b3 {[%clk 0:19:25]} Nxe4 {[%clk
0:13:13]} 29. Rh3 {[%clk 0:17:15]} c5 {[%clk 0:12:49]} 30. Bf3 {[%clk 0:15:08]}
Nc3 {[%clk 0:11:57]} 31. Bd2 {[%clk 0:14:23]} b5 {[%clk 0:10:20]} 32. Bxc3 {[%clk
0:14:31]} bxc4 {[%clk 0:10:42]} 33. Bxd4 {[%clk 0:12:42]} Nd7 {[%clk 0:07:29]}
34. Bb2 {[%clk 0:09:53]} Nf8 {[%clk 0:06:54]} 35. Qe4 {[%clk 0:09:49]} Red8
{[%clk 0:05:05]} 36. Qxb7+ {[%clk 0:08:06]} Rd7 {[%clk 0:02:31]} 37. Qxa8 {[%clk
0:07:17]} cxb3 {[%clk 0:01:51]} 38. Rh7+ {[%clk 0:07:25]} Qxh7 {[%clk 0:00:56]}
39. gxh7 {[%clk 0:07:45]} Nxh7 {[%clk 0:01:10]} 40. Rd1 {[%clk 0:07:41]} Rxd1+
{[%clk 0:01:02]} 41. Bxd1 {[%clk 0:08:06]} Nf8 {[%clk 0:01:14]} 42. Bxb3 {[%clk
0:08:20]} Nd7 {[%clk 0:00:39]} 43. Qc6 {[%clk 0:08:38]} c4 {[%clk 0:00:53]} 44.
Qxc4 {[%clk 0:08:44]} e4 {[%clk 0:01:18]} 45. Qxe4+ {[%clk 0:09:06]} Kf8 {[%clk
0:01:09]} 46. Qd5 {[%clk 0:09:18]} Ke7 {[%clk 0:01:09]} 1-0

[Event "Girls U14 Polish Youth Championship"]
[Site "chess24.com"]
[Date "2018.05.01"]
[Round "4"]
[White "Mysliwiec, Natalia"]
[Black "Trzaskowska, Hanna"]
[Result "0-1"]
[Board "11"]
[WhiteElo "1391"]
[WhiteCountry "POL"]
[WhiteFideId "21831262"]
[WhiteEloChange "-5"]
[BlackElo "1589"]
[BlackCountry "POL"]
[BlackFideId "21820716"]
[BlackEloChange "5"]

1. c4 {[%clk 1:30:58]} e5 {[%clk 1:30:52]} 2. d3 {[%clk 1:31:04]} g6 {[%clk
1:29:28]} 3. g3 {[%clk 1:30:48]} Bg7 {[%clk 1:27:40]} 4. Bg2 {[%clk 1:29:56]} Nc6
{[%clk 1:27:24]} 5. Nc3 {[%clk 1:28:13]} d6 {[%clk 1:21:05]} 6. e4 {[%clk
1:17:21]} f5 {[%clk 1:09:56]} 7. Nge2 {[%clk 1:13:45]} Nge7 {[%clk 0:46:49]} 8.
Be3 {[%clk 1:08:07]} Bd7 {[%clk 0:32:13]} 9. Qd2 {[%clk 0:57:24]} O-O {[%clk
0:23:22]} 10. O-O {[%clk 0:56:34]} Qe8 {[%clk 0:16:43]} 11. c5 {[%clk 0:49:43]}
Qf7 {[%clk 0:08:16]} 12. cxd6 {[%clk 0:47:57]} cxd6 {[%clk 0:08:36]} 13. f4
{[%clk 0:47:35]} Be6 {[%clk 0:04:00]} 14. d4 {[%clk 0:43:22]} exd4 {[%clk
0:01:13]} 15. Bxd4 {[%clk 0:42:21]} fxe4 {[%clk 0:00:58]} 16. Nxe4 {[%clk
0:41:45]} d5 {[%clk 0:00:36]} 17. Ng5 {[%clk 0:41:22]} Qf5 {[%clk 0:00:33]} 18.
Bh3 {[%clk 0:41:10]} Qxh3 {[%clk 0:00:36]} 19. Nxh3 {[%clk 0:41:33]} Bxh3 {[%clk
0:00:38]} 20. Bxg7 {[%clk 0:41:40]} Kxg7 {[%clk 0:00:40]} 21. Rfe1 {[%clk
0:41:05]} Nf5 {[%clk 0:00:39]} 22. Rad1 {[%clk 0:35:28]} Rad8 {[%clk 0:00:41]}
23. Nc3 {[%clk 0:35:32]} Bg4 {[%clk 0:00:35]} 24. Ne2 {[%clk 0:33:29]} d4 {[%clk
0:00:37]} 25. Rc1 {[%clk 0:28:24]} d3 {[%clk 0:00:35]} 26. Rxc6 {[%clk 0:13:21]}
bxc6 {[%clk 0:00:36]} 27. Nc3 {[%clk 0:12:58]} Nd4 {[%clk 0:00:36]} 28. Re7+
{[%clk 0:13:06]} Rf7 {[%clk 0:00:38]} 29. Qe3 {[%clk 0:10:24]} d2 {[%clk
0:00:32]} 30. Qe5+ {[%clk 0:10:38]} Kf8 {[%clk 0:00:31]} 31. Rxf7+ {[%clk
0:01:40]} Kxf7 {[%clk 0:00:45]} 32. Qc7+ {[%clk 0:01:22]} Rd7 {[%clk 0:00:53]}
33. Qc8 {[%clk 0:01:35]} Ne2+ {[%clk 0:00:48]} 34. Kf2 {[%clk 0:01:24]} Nxc3
{[%clk 0:00:47]} 35. Qxc6 {[%clk 0:00:50]} d1Q {[%clk 0:00:57]} 36. Qc4+ {[%clk
0:01:09]} Qd5 {[%clk 0:00:49]} 37. Qxc3 {[%clk 0:01:32]} Qd2+ {[%clk 0:01:13]}
38. Qxd2 {[%clk 0:01:59]} Rxd2+ {[%clk 0:01:39]} 39. Ke3 {[%clk 0:02:26]} Rxb2
{[%clk 0:02:00]} 40. a4 {[%clk 0:02:52]} Ra2 {[%clk 0:02:26]} 41. a5 {[%clk
0:03:18]} Rxa5 {[%clk 0:02:51]} 42. Kf2 {[%clk 0:03:38]} Ra3 {[%clk 0:03:15]} 43.
f5 {[%clk 0:04:01]} Bxf5 {[%clk 0:03:26]} 44. g4 {[%clk 0:04:27]} Bxg4 {[%clk
0:03:52]} 45. h3 {[%clk 0:04:55]} Be6 {[%clk 0:04:16]} 46. Ke2 {[%clk 0:05:20]}
Kf6 {[%clk 0:04:43]} 47. Kd2 {[%clk 0:05:47]} Ke5 {[%clk 0:05:02]} 48. h4 {[%clk
0:06:13]} Kd4 {[%clk 0:05:28]} 49. Ke2 {[%clk 0:06:35]} Bg4+ {[%clk 0:05:43]} 50.
Kf2 {[%clk 0:07:01]} Ke4 {[%clk 0:06:04]} 51. Kg2 {[%clk 0:07:25]} Kf4 {[%clk
0:06:28]} 52. Kf2 {[%clk 0:07:51]} Ra2+ {[%clk 0:06:54]} 53. Kg1 {[%clk 0:08:17]}
Kf3 {[%clk 0:07:17]} 54. Kh1 {[%clk 0:08:45]} Kg3 {[%clk 0:07:35]} 55. Kg1 {[%clk
0:09:13]} Ra1# {[%clk 0:08:01]} 0-1